Mindset : the new psychology of success (Record no. 10891)
[ view plain ]
| 000 -LEADER | |
|---|---|
| fixed length control field | 00519 a2200169 4500 |
| 020 ## - INTERNATIONAL STANDARD BOOK NUMBER | |
| International Standard Book Number | 978-0-345-47232-8 (pbk.) |
| 020 ## - INTERNATIONAL STANDARD BOOK NUMBER | |
| International Standard Book Number | 0-345-47232-2 (pbk.) |
| 040 ## - CATALOGING SOURCE | |
| Original cataloging agency | DLC |
| 082 00 - DEWEY DECIMAL CLASSIFICATION NUMBER | |
| Classification number | 153.8 |
| 245 10 - TITLE STATEMENT | |
| Title | Mindset : the new psychology of success |
| Remainder of title | the new psychology of success |
| Statement of responsibility, etc. | Carol S. Dweck |
| 250 ## - EDITION STATEMENT | |
| Edition statement | Ballantine Books trade pbk. ed. |
| 260 ## - PUBLICATION, DISTRIBUTION, ETC. | |
| Place of publication, distribution, etc. | New York : |
| Name of publisher, distributor, etc. | Ballantine Books, |
| Date of publication, distribution, etc. | 2008 |
| 300 ## - PHYSICAL DESCRIPTION | |
| Extent | x, 277 p. ; |
| Dimensions | 21 cm. |
| 650 #0 - SUBJECT ADDED ENTRY--TOPICAL TERM | |
| General subdivision | Psychological aspects |
| 650 #0 - SUBJECT ADDED ENTRY--TOPICAL TERM | |
| Topical term or geographic name entry element | Self-perception |
| 942 ## - ADDED ENTRY ELEMENTS (KOHA) | |
| Koha item type | Book |
| Call number prefix | 153.8 DWE |
| Source of classification or shelving scheme | |
| Withdrawn status | Lost status | Damaged status | Not for loan | Collection code | Permanent Location | Current Location | Shelving location | Date acquired | Source of acquisition | Cost, normal purchase price | Total Checkouts | Total Renewals | Full call number | Barcode | Checked out | Date last seen | Date last checked out | Price effective from | Koha item type |
|---|---|---|---|---|---|---|---|---|---|---|---|---|---|---|---|---|---|---|---|
| Central Library (CL) | Central Library (CL) | General Stacks | 04/20/2012 | Global~Link Information Services | 1396.01 | 11 | 5 | 153.8 DWE | SEECS011262 | 09/08/2024 | 08/09/2024 | 08/09/2024 | 01/05/2017 | Book | |||||
| Central Library (CL) | Central Library (CL) | General Stacks | 05/08/2012 | Global~Link Information Services | 1396.01 | 4 | 1 | 153.8 DWE | SEECS011281 | 02/16/2019 | 01/17/2019 | 01/17/2019 | 01/05/2017 | Book |
